000 00506nam a2200181Ia 4500
005 20250326124010.0
008 250326s9999 xx 000 0 und d
037 _aTextbook
040 _aFMSL
_beng
_cFMSL
041 _aeng
_2eng
084 _aX K6;1
_qFMSL
100 _aSchumpeter J A
_9276472
245 0 _aTen great economists: from marx to keynes
_cSchumpeter J A
260 _aLondon
_bLondon, George Allen
_c1966
300 _a98p
942 _cTB
_hX K6;1
999 _c1271826
_d1271826